000 01443nam a2200289 ia4500
003 OSt
005 20260311110242.0
008 260311t20252024ctua gr 001 0 eng d
020 _a9780300282627
_cRM 94.00
_qpaperback
040 _aPPAK
_beng
_cPPAK
_erda
082 0 4 _223
_a150.9
090 0 0 _a150.9
_bHAY
_dG
100 1 _aHayes, Nicky,
_d1953-
_eauthor.
245 1 0 _aA Little History of Psychology /
_cNicky Hayes
264 1 _aNew Haven, Connecticut :
_bYale University Press,
_c2025
264 4 _c©2024
300 _aviii, 280 pages :
_billustrations ;
_c20 cm
336 _atext
_2rdacontent
337 _aunmediated
_2rdamedia
338 _avolume
_2rdacarrier
490 1 _aA Little History of
500 _aIncludes index.
520 _a"In this fascinating history, leading expert Nicky Hayes tells the story of psychology across the centuries and around the world. Hayes introduces key thinkers, including Carl Jung, Anna Freud, Frantz Fanon, and Daniel Kahneman. We see how they tried to expand our understanding, from Pavlov and his dogs to Milgram and his famous electric shock experiments to the CIA's secret mind-control projects. Hayes explores key concepts like child development, the inferiority complex, and PTSD and shows how psychological research has been used for both good and ill."--Book flap
650 1 0 _aPsychology
_xHistory
830 0 _aA little history of
942 _2ddc
_cB
999 _c203415
_d203415